Quick Pick: Batman Villains Quiz Stats

 Plays Quiz Updated Feb 26, 2018

Challenge
Share
Tweet
Embed
Score 0/12 Timer 01:00
2 Plays Today
% Correct
Catwoman
96.8%
Poison Ivy
96.4%
Two-Face 
94.9%
Bane
94.5%
Harley Quinn
90.8%
The Scarecrow 
89.6%
Ra's al Ghul
76.5%
Clayface
74.3%
Edward Nigma
73.1%
The Mad Hatter
71.3%
Man-Bat
63.3%
 The Ventriloquist 
61.1%

Today's Daily Dose

You're not logged in!

Compare scores with friends on all Sporcle quizzes.
Join for Free
OR
Log In

You Might Also Like...

Show Comments

Extras

Top Quizzes Today


Score Distribution

Your Account Isn't Verified!

In order to create a playlist on Sporcle, you need to verify the email address you used during registration. Go to your Sporcle Settings to finish the process.

Report this User

Report this user for behavior that violates our Community Guidelines.

Details: